000
00235nam a2200097Ia 4500
008
190216s9999||||xx |||||||||||||| ||und||
100
_a
Null
245
0
_a
Hindi-Acha Hua Yeh Bi
260
_b
Kerala Sasthra Sahithya Parishad
942
_c
BK
999
_c
16993
_d
16993